Marie/Mary célèbres - Statistiques

Statistiques générales
  • Ce quiz a été pris 987 fois
    770 depuis la dernière actualisation
  • Le résultat moyen est 5 sur 10
Statistiques - réponses
Descriptif Réponse % Correct
Unique femme ayant reçu deux prix Nobel. Curie
100%
Actrice ayant joué dans Une affaire de femmes tuée par son compagnon Bertrand Cantat. Trintignant
65%
Reine de France pendant 10 ans aux côtés de Henri IV venant d'une célèbre famille italienne. de Médicis
59%
Figure du christianisme, disciple de Jésus, première à témoigner de la Résurrection de celui-ci. Madeleine
56%
Reine d'Ecosse et de France exécutée sur ordre de la reine Élisabeth Ire d'Angleterre. Stuart
50%
Joueuse de tennis française ayant remporté l'Open d'Australie ainsi que Roland-Garros. Pierce
41%
Créatrice du personnage fictif Frankenstein (Frankenstein ou le Prométhée moderne). Shelley
41%
Chanteuse Franco-Suisse au pseudonyme sylvestre autrice de Mon amour mon ami, Viens Viens, La tendresse ou encore Cadeau. Laforêt
33%
Pirate ayant vogué aux côtés d'Anne Bonny et Jack Rackham. Read
9%
Écrivaine française ayant écrit Truismes et Naissance des fantômes. Darrieussecq
8%
Aucun quiz correspondant
Distribution des résultats
% des personnes avec chaque résultat
Percentile par nombre de réponses
Votre historique - résultats
Vous n’avez pas pris ce quiz depuis la dernière actualisation